[Event "4th Budapest Open"]
[Site "Budapest, Hungary"]
[Date "2014.08.20"]
[Round "5.21"]
[White "Bartuszek, Andras"]
[Black "Karacsonyi, Kata"]
[Result "1-0"]
[WhiteElo "1884"]
[BlackElo "1377"]
[PlyCount "75"]
[EventDate "2014.??.??"]

1. e4 e5 2. Nf3 Nc6 3. Bb5 Nge7 4. c3 g6 5. d4 exd4 6. cxd4 d5 7. e5 Bg7 8. Be3
Bg4 9. Nbd2 O-O 10. h3 Bf5 11. g4 Be4 12. Nxe4 dxe4 13. Ng5 h6 14. Nxe4 Qd5 15.
Bxc6 Nxc6 16. Ng3 Rad8 17. O-O Nxd4 18. Bxd4 Qxd4 19. Qxd4 Rxd4 20. f4 Rd3 21.
Kg2 Rfd8 22. Rf2 Rd2 23. Raf1 f6 24. e6 Kf8 25. f5 Ke7 26. Rxd2 Rxd2+ 27. Rf2
Rd4 28. b3 b5 29. Re2 g5 30. Ne4 Bf8 31. Kf3 c6 32. Ke3 Rd5 33. Rc2 Rd1 34.
Rxc6 Re1+ 35. Kd3 Rf1 36. Rc7+ Kd8 37. Rd7+ Kc8 38. Nxf6 1-0

[Event "4th Budapest Open"]
[Site "Budapest, Hungary"]
[Date "2014.08.20"]
[Round "5.22"]
[White "Kovacsy, Barnabas"]
[Black "Bellan, Istvan"]
[Result "1/2-1/2"]
[WhiteElo "1622"]
[BlackElo "1884"]
[PlyCount "47"]
[EventDate "2014.??.??"]

1. e4 c5 2. Nf3 d6 3. d4 cxd4 4. Nxd4 Nf6 5. Nc3 a6 6. Bg5 Nbd7 7. Qe2 g6 8.
O-O-O Bg7 9. f3 O-O 10. g4 Ne5 11. h3 Bd7 12. f4 Nc6 13. Nxc6 Bxc6 14. Bg2 Qa5
15. Kb1 Rfc8 16. Qd2 Rc7 17. Bxf6 Bxf6 18. Nd5 Qxd2 19. Nxf6+ exf6 20. Rxd2 f5
21. exf5 Bxg2 22. Rxg2 gxf5 23. gxf5+ Kh8 24. Rd2 1/2-1/2

[Event "4th Budapest Open"]
[Site "Budapest, Hungary"]
[Date "2014.08.20"]
[Round "5.23"]
[White "Horvath, Csaba"]
[Black "Lakatos, Tamas"]
[Result "1-0"]
[WhiteElo "1839"]
[BlackElo "1555"]
[PlyCount "39"]
[EventDate "2014.??.??"]

1. e4 c6 2. d4 d5 3. Nc3 dxe4 4. Nxe4 Bf5 5. Ng3 Bg6 6. h4 h6 7. Nf3 Nd7 8. Bd3
Bxd3 9. Qxd3 e6 10. Bf4 Qa5+ 11. Bd2 Bb4 12. c3 Be7 13. c4 Bb4 14. Ne4 Bxd2+
15. Nfxd2 Qc7 16. Qa3 Ne7 17. O-O-O O-O 18. Qxe7 Rfe8 19. Qd6 Qb6 20. c5 1-0

[Event "4th Budapest Open"]
[Site "Budapest, Hungary"]
[Date "2014.08.20"]
[Round "5.25"]
[White "Szurkos, Andras"]
[Black "Toth, Viktor"]
[Result "1-0"]
[WhiteElo "1775"]
[BlackElo "1530"]
[PlyCount "131"]
[EventDate "2014.??.??"]

1. e4 e5 2. Nc3 Nc6 3. Bc4 Nf6 4. f4 exf4 5. Nf3 d6 6. d4 Bg4 7. Bxf4 Qe7 8.
O-O O-O-O 9. Bg5 Re8 10. Nd5 Qd8 11. h3 Bh5 12. Qd3 Bg6 13. Rae1 Bxe4 14. Rxe4
Rxe4 15. Bxf6 Qe8 16. Bg5 f5 17. c3 h6 18. Bd2 Ne7 19. Nxe7+ Qxe7 20. Bd5 Re2
21. Qxf5+ Kb8 22. Re1 Rxe1+ 23. Bxe1 g5 24. Qe6 Qxe6 25. Bxe6 Bg7 26. Kf2 Re8
27. Bf7 Re7 28. Bg6 Kc8 29. c4 c5 30. Bc3 cxd4 31. Bxd4 Bxd4+ 32. Nxd4 Rc7 33.
Bf5+ Kb8 34. Be6 a6 35. a4 Rh7 36. b4 Kc7 37. Kf3 Rh8 38. g4 Rf8+ 39. Bf5 Re8
40. Ne6+ Kb6 41. a5+ Ka7 42. Ke4 Rc8 43. Kd5 b5 44. c5 dxc5 45. Nxc5 Rd8+ 46.
Bd7 Rf8 47. Bf5 Rd8+ 48. Nd7 Re8 49. Be6 Rc8 50. Nc5 Rf8 51. Bf5 Rd8+ 52. Bd7
Rf8 53. Bf5 Rd8+ 54. Nd7 Re8 55. Ne5 Rd8+ 56. Kc5 Rd1 57. Nf7 Rc1+ 58. Kd5 Rc4
59. Nxh6 Rxb4 60. Nf7 Rf4 61. Nxg5 b4 62. Ne4 b3 63. Nc3 Rf3 64. Kc4 Rxh3 65.
Kxb3 Kb7 66. Kc4 1-0

[Event "4th Budapest Open"]
[Site "Budapest, Hungary"]
[Date "2014.08.20"]
[Round "5.26"]
[White "Birovecz, Ben Jordan"]
[Black "Tapp, Ashley"]
[Result "1-0"]
[WhiteElo "1410"]
[BlackElo "1646"]
[PlyCount "77"]
[EventDate "2014.??.??"]

1. e4 c5 2. d4 cxd4 3. c3 dxc3 4. Nxc3 Nc6 5. Bc4 e6 6. Nf3 Nge7 7. O-O Ng6 8.
Qe2 Be7 9. Rd1 a6 10. Be3 b5 11. Bb3 O-O 12. Rac1 Qc7 13. Qe1 Bb7 14. Nd5 exd5
15. exd5 Rad8 16. dxc6 dxc6 17. Bd4 Rfe8 18. Qc3 b4 19. Qc4 Rf8 20. Bc5 Bxc5
21. Qxc5 Qe7 22. Rxd8 Rxd8 23. Qb6 Nf4 24. Re1 Ne6 25. h3 a5 26. Bxe6 fxe6 27.
Nd4 Rxd4 28. Qxd4 c5 29. Qe5 Kf7 30. Qh5+ Kg8 31. f4 g6 32. Qe2 Bd5 33. b3 Qf6
34. Qf2 Qe7 35. Rc1 Kf7 36. Rxc5 Qa7 37. Kh1 Kf6 38. Qd4+ Kf7 39. Rxd5 1-0

[Event "4th Budapest Open"]
[Site "Budapest, Hungary"]
[Date "2014.08.20"]
[Round "5.28"]
[White "Toth, Nikoletta"]
[Black "Rzin, Mehdi"]
[Result "1/2-1/2"]
[WhiteElo "1193"]
[BlackElo "1757"]
[PlyCount "149"]
[EventDate "2014.??.??"]

1. e4 e5 2. Nf3 Nc6 3. Bb5 Nf6 4. O-O Nxe4 5. Bxc6 dxc6 6. Re1 Nd6 7. Nxe5 Be7
8. Qf3 O-O 9. Qg3 Nf5 10. Qc3 Bf6 11. d3 Re8 12. Bf4 Nd4 13. Nd2 Be6 14. a4 Qd5
15. Ndc4 b5 16. Ne3 Qd8 17. Qd2 Bd5 18. N3g4 Be7 19. Be3 Nf5 20. c4 Nxe3 21.
Qxe3 Be6 22. Nxc6 Qd6 23. Nxe7+ Rxe7 24. Qg5 Kf8 25. Ne5 f6 26. c5 Qd5 27. Qf4
Kg8 28. Nf3 Qxc5 29. axb5 Rae8 30. Nd4 Bd7 31. Rxe7 Rxe7 32. h3 Bxb5 33. Nxb5
Qxb5 34. Qc4+ Qxc4 35. dxc4 c6 36. Ra6 Rc7 37. b4 Kf8 38. f4 Ke8 39. Kf2 Kd7
40. Ke3 Kc8 41. Ke4 Kb7 42. Ra5 Re7+ 43. Kf5 Re3 44. b5 cxb5 45. cxb5 Rb3 46.
h4 Rg3 47. Ra2 Kb6 48. Ke4 h5 49. Kf5 Rg4 50. Ra6+ Kb7 51. Re6 Rxg2 52. Re8 Kb6
53. Re7 Rg4 54. Rd7 Kxb5 55. Rxa7 Kc6 56. Re7 Kd6 57. Re6+ Kd5 58. Re7 Kd4 59.
Re4+ Kd3 60. Re7 Rxh4 61. Rxg7 Ke3 62. Rg3+ Kf2 63. Ra3 Rg4 64. Kxf6 h4 65. f5
Rg3 66. Ra2+ Kg1 67. Ke7 h3 68. f6 Re3+ 69. Kd7 Rd3+ 70. Ke7 Re3+ 71. Kd7 Rf3
72. Ke7 h2 73. Rxh2 Kxh2 74. f7 Rxf7+ 75. Kxf7 1/2-1/2

[Event "4th Budapest Open"]
[Site "Budapest, Hungary"]
[Date "2014.08.20"]
[Round "5.33"]
[White "Bartok, David Dominik"]
[Black "Szabo, Miklos Istvan"]
[Result "1-0"]
[WhiteElo "1492"]
[BlackElo "1321"]
[PlyCount "113"]
[EventDate "2014.??.??"]

1. e4 c5 2. c3 e6 3. d4 d5 4. e5 Nc6 5. Nf3 Be7 6. Be2 h5 7. h3 Qc7 8. O-O Bd7
9. Be3 c4 10. Bg5 f6 11. exf6 gxf6 12. Be3 Bd6 13. Nh4 O-O-O 14. Bxh5 Be8 15.
Bxe8 Rxh4 16. Bxc6 Qxc6 17. Nd2 Ne7 18. Qf3 Rf8 19. Bg5 Rh7 20. Bf4 e5 21. Be3
f5 22. dxe5 Bxe5 23. Bf4 Ng6 24. Bxe5 Nxe5 25. Qe3 Nd3 26. Qxa7 Kd7 27. Nf3 Qa6
28. Qxa6 bxa6 29. b3 Rg8 30. Kh2 Rhg7 31. g3 Rb8 32. bxc4 dxc4 33. Rad1 Kc8 34.
Ne1 Rb2 35. Nxd3 cxd3 36. Rxd3 Rxa2 37. Kg2 a5 38. Rdd1 Kc7 39. Ra1 Rxa1 40.
Rxa1 Kb6 41. c4 Rc7 42. Rb1+ Ka6 43. Rb5 a4 44. Rxf5 a3 45. Rf3 Rxc4 46. Rxa3+
Kb5 47. h4 Kb4 48. Rf3 Rc2 49. h5 Rc6 50. g4 Rh6 51. Rf8 Kc5 52. Rg8 Kd5 53.
Rg6 Rh7 54. h6 Ke5 55. g5 Kf5 56. Rg7 Rh8 57. h7 1-0

[Event "4th Budapest Open"]
[Site "Budapest, Hungary"]
[Date "2014.08.21"]
[Round "6.1"]
[White "Csala, Imre"]
[Black "Kormos, Adam"]
[Result "0-1"]
[WhiteElo "2175"]
[BlackElo "2144"]
[PlyCount "60"]
[EventDate "2014.??.??"]

1. e4 e5 2. Bc4 c6 3. Qe2 d6 4. d3 Nf6 5. Nf3 Be7 6. O-O O-O 7. h3 Re8 8. Rd1
Qc7 9. Nbd2 d5 10. Bb3 Bc5 11. Nf1 h6 12. Ng3 Nbd7 13. Nh4 Bf8 14. a3 Nc5 15.
Ba2 Ne6 16. c3 Nf4 17. Qf3 Be6 18. exd5 Bxd5 19. Ne4 Nxe4 20. dxe4 Bxa2 21.
Rxa2 Rad8 22. Rxd8 Rxd8 23. Bxf4 exf4 24. b4 g6 25. Qe2 Qe5 26. Qc4 Rd1+ 27.
Kh2 f3+ 28. g3 Qh5 29. Qb3 Re1 30. c4 Qxh4 0-1

[Event "4th Budapest Open"]
[Site "Budapest, Hungary"]
[Date "2014.08.21"]
[Round "6.2"]
[White "Gal, Tamas"]
[Black "Balint, Vilmos"]
[Result "1/2-1/2"]
[WhiteElo "2254"]
[BlackElo "2187"]
[PlyCount "106"]
[EventDate "2014.??.??"]

1. d4 f5 2. Nf3 Nf6 3. Bg5 e6 4. Nbd2 d5 5. e3 Nbd7 6. c4 Be7 7. Bd3 Ne4 8.
Bxe7 Qxe7 9. Ne5 Nxe5 10. dxe5 O-O 11. O-O Qb4 12. Bxe4 fxe4 13. Qc2 Rf7 14. a3
Qe7 15. b4 Qg5 16. Qc3 Bd7 17. Qd4 c6 18. a4 a6 19. f4 exf3 20. Nxf3 Qe7 21. c5
Raf8 22. Qh4 Qxh4 23. Nxh4 g5 24. Rxf7 Rxf7 25. Nf3 Rf5 26. h3 h5 27. Rf1 h4
28. Nh2 Kg7 29. Rxf5 exf5 30. Nf3 Kg6 31. Kf2 Bc8 32. Nd4 g4 33. Ne2 Kg5 34.
Nf4 d4 35. Nd3 dxe3+ 36. Kxe3 Be6 37. Nf4 Bb3 38. a5 Bc4 39. Ne2 Bd5 40. Nf4
Bb3 41. Ne2 Bc4 42. Nf4 Bf1 43. Ne6+ Kg6 44. Nf4+ Kg5 45. Ne6+ Kh6 46. Nf4 Kg7
47. Kf2 Bc4 48. Ke3 Kf7 49. Kf2 g3+ 50. Kf3 Bb3 51. Ke3 Bc2 52. Kd2 Be4 53. Ke2
Kg7 1/2-1/2

[Event "4th Budapest Open"]
[Site "Budapest, Hungary"]
[Date "2014.08.21"]
[Round "6.3"]
[White "Bodi, Tibor"]
[Black "Bodrogi, Mihaly"]
[Result "1-0"]
[WhiteElo "2165"]
[BlackElo "2081"]
[PlyCount "57"]
[EventDate "2014.??.??"]

1. e4 c5 2. Nf3 Nc6 3. d4 cxd4 4. Nxd4 g6 5. c4 Bg7 6. Be3 Nf6 7. Nc3 Ng4 8.
Qxg4 Nxd4 9. Qd1 Ne6 10. Rc1 Qa5 11. a3 b6 12. Bd3 Bb7 13. O-O O-O 14. Qe2 Qe5
15. f4 Qc7 16. Nd5 Qd8 17. e5 d6 18. f5 Bxd5 19. cxd5 Nc7 20. e6 fxe6 21. dxe6
Nd5 22. fxg6 Rxf1+ 23. Rxf1 Nxe3 24. gxh7+ Kh8 25. Qxe3 Qc7 26. Rf7 Bxb2 27.
Qh6 Qd8 28. g4 b5 29. g5 1-0

[Event "4th Budapest Open"]
[Site "Budapest, Hungary"]
[Date "2014.08.21"]
[Round "6.4"]
[White "Ruck, Robert"]
[Black "Szabolcsi, Janos"]
[Result "0-1"]
[WhiteElo "2027"]
[BlackElo "2324"]
[PlyCount "80"]
[EventDate "2014.??.??"]

1. e4 c6 2. d4 d5 3. Nc3 dxe4 4. Nxe4 Nd7 5. Nf3 Ngf6 6. Nxf6+ Nxf6 7. c3 g6 8.
Bd3 Bg7 9. Bf4 O-O 10. O-O a5 11. Re1 Re8 12. Qd2 a4 13. h3 Ra5 14. Be5 c5 15.
dxc5 Rxc5 16. Bd4 Rh5 17. Rad1 Qd5 18. Re5 Qxa2 19. Rxh5 Nxh5 20. Bxg7 Nxg7 21.
Bb5 Rf8 22. Qe2 a3 23. bxa3 Qxa3 24. Qd2 Be6 25. Nd4 Rd8 26. Qc2 Qc5 27. Nxe6
Nxe6 28. Rxd8+ Nxd8 29. Qd3 Ne6 30. Bc4 Nf4 31. Qe4 e5 32. Bf1 b6 33. c4 Ne6
34. Qb7 Nd4 35. Qd7 Kg7 36. Qb7 Nb3 37. Qd7 Qd4 38. Qa4 Nd2 39. Qc2 e4 40. Qd1
Nf3+ 0-1

[Event "4th Budapest Open"]
[Site "Budapest, Hungary"]
[Date "2014.08.21"]
[Round "6.5"]
[White "Mester, Attila"]
[Black "Zentai, Peter"]
[Result "1/2-1/2"]
[WhiteElo "2006"]
[BlackElo "2236"]
[PlyCount "25"]
[EventDate "2014.??.??"]

1. e4 e6 2. d4 d5 3. Nc3 dxe4 4. Nxe4 Nd7 5. Nf3 Ngf6 6. Nxf6+ Nxf6 7. c3 c5 8.
Ne5 a6 9. Qa4+ Bd7 10. Nxd7 Qxd7 11. Qxd7+ Kxd7 12. Be3 Nd5 13. Be2 1/2-1/2

[Event "4th Budapest Open"]
[Site "Budapest, Hungary"]
[Date "2014.08.21"]
[Round "6.6"]
[White "Bodrogi, Laszlo"]
[Black "Torok, Tamas Titusz"]
[Result "0-1"]
[WhiteElo "1956"]
[BlackElo "2090"]
[PlyCount "150"]
[EventDate "2014.??.??"]

1. d4 d5 2. c4 e5 3. dxe5 d4 4. Nf3 Nc6 5. g3 Nge7 6. Bg2 Ng6 7. Bg5 Qd7 8. O-O
Ngxe5 9. Nxe5 Nxe5 10. Qc2 h6 11. Bf4 Ng6 12. Bd2 Be7 13. Rd1 c5 14. Be1 Qc7
15. Nd2 O-O 16. a4 Bd7 17. a5 Bc6 18. Nf3 f5 19. Ra3 Rad8 20. h4 Be4 21. Qc1
Ne5 22. Bd2 Bd6 23. Ne1 Qf7 24. f3 Bc6 25. b3 Ng6 26. f4 Bxg2 27. Nxg2 Rfe8 28.
e3 Nf8 29. exd4 cxd4 30. b4 Rc8 31. c5 b6 32. axb6 axb6 33. Ra6 Bc7 34. Qc2 Qd5
35. Re1 Ne6 36. Qa2 Qxa2 37. Rxa2 bxc5 38. bxc5 Nxc5 39. Rxe8+ Rxe8 40. Rc2 Bb6
41. Kf1 Re6 42. h5 Ne4 43. Rc8+ Kf7 44. Be1 d3 45. Nh4 d2 46. Bxd2 Nxd2+ 47.
Kg2 Rf6 48. Rb8 Nc4 49. Rb7+ Kg8 50. Ng6 Rd6 51. Ne7+ Kh7 52. Nxf5 Ne3+ 53.
Nxe3 Bxe3 54. Kf3 Bd4 55. g4 Bf6 56. Ke4 Rd4+ 57. Kf5 Ra4 58. Rb5 Bd8 59. Rb7
Ra5+ 60. Ke4 Bf6 61. Rc7 Kg8 62. Rb7 Kf8 63. Rc7 Be7 64. Rb7 Ke8 65. Rc7 Ra4+
66. Kf5 Rxf4+ 67. Kxf4 Bd6+ 68. Kf5 Bxc7 69. g5 hxg5 70. Kxg5 Kf7 71. Kf5 Ba5
72. Ke5 Bd2 73. Kf5 Bh6 74. Ke5 Ke7 75. Kf5 Kd6 0-1

[Event "4th Budapest Open"]
[Site "Budapest, Hungary"]
[Date "2014.08.21"]
[Round "6.7"]
[White "Molnar, Laszlo"]
[Black "Yip, Michael"]
[Result "1-0"]
[WhiteElo "2067"]
[BlackElo "1916"]
[PlyCount "89"]
[EventDate "2014.??.??"]

1. e4 d6 2. d4 Nf6 3. Nc3 e5 4. Nf3 Nbd7 5. Bc4 Be7 6. O-O O-O 7. a4 a5 8. Re1
c6 9. h3 Nb6 10. Ba2 Nfd7 11. d5 Nc5 12. dxc6 bxc6 13. Be3 Ncxa4 14. Nxa4 Nxa4
15. Bxf7+ Rxf7 16. Rxa4 Be6 17. Bd2 Qb8 18. b3 Bd8 19. Bg5 Bc7 20. Qd3 h6 21.
Bd2 d5 22. Nh4 Qd8 23. Qg3 Rf6 24. Nf5 Bxf5 25. exf5 Kh7 26. Rg4 Qe7 27. Bc3
Rxf5 28. f4 Bb6+ 29. Kh1 d4 30. Qd3 Raf8 31. Rxe5 Qf6 32. Bxd4 Bxd4 33. Qxd4 h5
34. Rg5 Rxf4 35. Rxh5+ Kg8 36. Qe3 a4 37. b4 Rf1+ 38. Kh2 Qd6 39. Qd3 Qc7 40.
Qc4+ R1f7 41. Qh4 Rf5 42. Rh8+ Kf7 43. Rxf8+ Kxf8 44. Qh8+ Kf7 45. Qe8+ 1-0

[Event "4th Budapest Open"]
[Site "Budapest, Hungary"]
[Date "2014.08.21"]
[Round "6.8"]
[White "Grigoryan, Meri"]
[Black "Markos, Adam"]
[Result "1/2-1/2"]
[WhiteElo "1996"]
[BlackElo "2135"]
[PlyCount "202"]
[EventDate "2014.??.??"]

1. d4 Nf6 2. Bf4 d5 3. c3 c5 4. dxc5 a5 5. Bxb8 Rxb8 6. Nf3 e6 7. b4 Bd7 8. a3
b6 9. cxb6 Qxb6 10. e3 Bd6 11. Be2 O-O 12. O-O Rfc8 13. Qb3 a4 14. Qc2 e5 15.
Rd1 Qc7 16. h3 Qd8 17. c4 e4 18. Ne1 Qe7 19. Qb2 dxc4 20. Qd2 Qe5 21. Qxd6 Qxa1
22. Bxc4 Be8 23. Qd4 Qxd4 24. Rxd4 Rd8 25. Nc2 Rbc8 26. Nd2 Kf8 27. Kf1 Ke7 28.
Rxd8 Kxd8 29. Nd4 Ke7 30. Ke2 g6 31. Kd1 Nd7 32. Bb5 Nb6 33. Bxe8 Kxe8 34. Nxe4
Ke7 35. Nc5 Kd6 36. Nb5+ Kd5 37. Nc3+ Kc4 38. N3xa4 Nxa4 39. Nxa4 Kb3 40. Nc5+
Kxa3 41. Nd3 Kb3 42. Ke2 Kc3 43. b5 f6 44. Nf4 Kc4 45. Kf3 Rb8 46. h4 Rxb5 47.
g4 Rb8 48. Nh3 Kd5 49. Nf4+ Ke5 50. Nd3+ Kd6 51. Nf4 Rb3 52. Ne2 Rb1 53. Ng3
Ke5 54. h5 Rg1 55. hxg6 hxg6 56. Ne2 Rh1 57. Ng3 Rh2 58. Nf1 Rh3+ 59. Kg2 Rh4
60. Kf3 f5 61. gxf5 Kxf5 62. Ng3+ Ke5 63. Ne2 Ra4 64. Nf4 g5 65. Ne2 Ra2 66.
Ng3 Rb2 67. Nh5 g4+ 68. Kxg4 Rxf2 69. Kg3 Rf7 70. Nf4 Ke4 71. Kf2 Ra7 72. Ng2
Ra2+ 73. Kg3 Rb2 74. Nf4 Kxe3 75. Nd5+ Ke4 76. Nf6+ Kf5 77. Nd5 Ke5 78. Ne3 Ke4
79. Ng2 Rb3+ 80. Kf2 Rf3+ 81. Ke2 Rf8 82. Ne1 Ra8 83. Kd2 Ra2+ 84. Nc2 Ra7 85.
Kc3 Rd7 86. Nb4 Rd6 87. Nc2 Rc6+ 88. Kd2 Rc5 89. Nb4 Kd4 90. Nc2+ Kc4 91. Ne3+
Kd4 92. Nc2+ Ke4 93. Nb4 Rc8 94. Nc2 Rc4 95. Ne1 Rd4+ 96. Kc3 Rd1 97. Nc2 Rd3+
98. Kc4 Rh3 99. Nb4 Rh8 100. Kc5 Rc8+ 101. Nc6 Rxc6+ 1/2-1/2

[Event "4th Budapest Open"]
[Site "Budapest, Hungary"]
[Date "2014.08.21"]
[Round "6.9"]
[White "Ats, Laszlo Gyorgy"]
[Black "Kalmar, Karoly"]
[Result "1-0"]
[WhiteElo "2062"]
[BlackElo "1942"]
[PlyCount "131"]
[EventDate "2014.??.??"]

1. d4 d5 2. Bf4 Nf6 3. e3 a6 4. h4 c5 5. c3 Qb6 6. Qc2 Nc6 7. Nd2 e6 8. Ngf3
Bd7 9. Ne5 Nxe5 10. Bxe5 Be7 11. Bd3 h6 12. f3 cxd4 13. exd4 Rc8 14. a4 O-O 15.
Kf2 Ne8 16. g4 Bd6 17. Bxd6 Nxd6 18. f4 f5 19. g5 h5 20. Qb3 Qc7 21. Nf3 Ne4+
22. Ke3 g6 23. Ne5 Kg7 24. Rhc1 Nd6 25. c4 Bc6 26. c5 Nf7 27. Nf3 Qd7 28. Qa3
a5 29. Qb3 Ra8 30. Bb5 Rfb8 31. Qd3 Qc7 32. Ra3 Ra7 33. Rb3 Raa8 34. Qc3 Kh7
35. Ra1 Kg8 36. Bd3 Kg7 37. Rb6 Kh7 38. Ra3 Kg7 39. Bb5 Nd6 40. Rxc6 bxc6 41.
cxd6 Qxd6 42. Bxc6 Rc8 43. Ne5 Ra6 44. Rb3 Raxc6 45. Nxc6 Qxc6 46. Qxc6 Rxc6
47. Kd3 Rc4 48. Rb7+ Kf8 49. b3 Rc1 50. Ra7 Rf1 51. Rxa5 Rf3+ 52. Kc2 Rxf4 53.
b4 Rxd4 54. b5 Rb4 55. Kc3 Rc4+ 56. Kd3 Ke7 57. Ra7+ Kd6 58. a5 Rb4 59. b6 Rb5
60. b7 e5 61. a6 f4 62. Ra8 e4+ 63. Kd4 Rb4+ 64. Kc3 Rb6 65. b8=Q+ Rxb8 66.
Rxb8 1-0

[Event "4th Budapest Open"]
[Site "Budapest, Hungary"]
[Date "2014.08.21"]
[Round "6.10"]
[White "Bihari, Mihaly"]
[Black "Zoldy, Robert"]
[Result "1/2-1/2"]
[WhiteElo "2005"]
[BlackElo "2029"]
[PlyCount "71"]
[EventDate "2014.??.??"]

1. c4 e6 2. Nc3 d5 3. cxd5 exd5 4. d4 c5 5. Nf3 Nc6 6. Be3 c4 7. g3 Nf6 8. Bg2
Be7 9. O-O O-O 10. a3 Re8 11. Bg5 Be6 12. Ne5 Nd7 13. Bxe7 Nxe7 14. Nxd7 Qxd7
15. Qa4 Nc6 16. e3 a6 17. Qd1 b5 18. b4 a5 19. bxa5 Nxa5 20. Rb1 Nb3 21. Rxb3
cxb3 22. Qxb3 Ra5 23. Rb1 b4 24. Qxb4 Rea8 25. Qxa5 Rxa5 26. Rb8+ Qc8 27. Rxc8+
Bxc8 28. a4 Bd7 29. Bxd5 Bxa4 30. Nxa4 Rxa4 31. Kg2 Kf8 32. h4 Ke7 33. g4 h6
34. Kg3 f6 35. Be4 Ra5 36. Bg6 1/2-1/2

[Event "4th Budapest Open"]
[Site "Budapest, Hungary"]
[Date "2014.08.21"]
[Round "6.11"]
[White "Metaxasz, Vaszilisz"]
[Black "Di Giovanni, Vilmos"]
[Result "1-0"]
[WhiteElo "2062"]
[BlackElo "1784"]
[PlyCount "113"]
[EventDate "2014.??.??"]

1. c4 e6 2. g3 f5 3. Bg2 c6 4. Nf3 Nf6 5. O-O Be7 6. Nc3 d5 7. cxd5 cxd5 8. d3
b6 9. Qb3 Nbd7 10. Nd4 Nc5 11. Qc2 e5 12. Nc6 Qd6 13. Nxe7 Kxe7 14. d4 exd4 15.
Nb5 Qd7 16. Nxd4 g6 17. b4 Ne6 18. Nc6+ Ke8 19. Bb2 Rf8 20. Rfd1 Bb7 21. b5 Nc7
22. a4 Bxc6 23. bxc6 Qe6 24. a5 Kf7 25. Bxf6 Kxf6 26. axb6 axb6 27. Rxa8 Rxa8
28. Qb2+ Qe5 29. Qxb6 Qxe2 30. Qd4+ Qe5 31. Qh4+ Kg7 32. Bf3 Ra1 33. Qd8 Rxd1+
34. Bxd1 h5 35. Bf3 Kh6 36. h4 Kg7 37. Bg2 f4 38. gxf4 Qxf4 39. Bxd5 Qe5 40.
Qg8+ Kh6 41. Qf8+ Qg7 42. Qxg7+ Kxg7 43. Bf3 Kf6 44. Kg2 Kf5 45. Kg3 Ne6 46.
Be2 Ke5 47. Bd3 Kf6 48. Bc4 Nc7 49. Kf4 Ne8 50. f3 Nc7 51. Ke4 Ke7 52. Ke5 Ne8
53. Bd3 Kf7 54. f4 Nf6 55. Kd6 Ne8+ 56. Kd7 Nf6+ 57. Kd8 1-0

[Event "4th Budapest Open"]
[Site "Budapest, Hungary"]
[Date "2014.08.21"]
[Round "6.12"]
[White "Juhasz, Bela"]
[Black "Bartuszek, Andras"]
[Result "1-0"]
[WhiteElo "2087"]
[BlackElo "1884"]
[PlyCount "57"]
[EventDate "2014.??.??"]

1. d4 Nf6 2. c4 g6 3. Nc3 d5 4. cxd5 Nxd5 5. e4 Nxc3 6. bxc3 Bg7 7. Bc4 c5 8.
Ne2 O-O 9. O-O Nc6 10. Be3 cxd4 11. cxd4 Bg4 12. f3 Na5 13. Rc1 Nxc4 14. Rxc4
Bd7 15. Qb3 a6 16. Rd1 Bb5 17. Rc2 Qa5 18. Nc3 Rfd8 19. d5 Rac8 20. Rdc1 Bxc3
21. Rxc3 Rxc3 22. Rxc3 h5 23. h4 Re8 24. Rc1 e6 25. d6 Qd8 26. Qd1 Qxh4 27. Qd2
f6 28. d7 Rd8 29. Rc8 1-0

[Event "4th Budapest Open"]
[Site "Budapest, Hungary"]
[Date "2014.08.21"]
[Round "6.13"]
[White "Kokeny, Norbert Adrian"]
[Black "Horvath, Dominik"]
[Result "1-0"]
[WhiteElo "1916"]
[BlackElo "2004"]
[PlyCount "95"]
[EventDate "2014.??.??"]

1. Nf3 Nf6 2. g3 g6 3. Bg2 Bg7 4. O-O O-O 5. d3 d6 6. e4 c5 7. c3 Nc6 8. h3 Rb8
9. Be3 b6 10. Re1 Ba6 11. Qc2 Ne5 12. Rd1 Qc8 13. Kh2 Nh5 14. g4 Nxf3+ 15. Bxf3
Be5+ 16. Kg2 Nf4+ 17. Bxf4 Bxf4 18. Na3 b5 19. Qe2 Kh8 20. Nc2 f5 21. exf5 Bb7
22. fxg6 Be5 23. Bxb7 Qxb7+ 24. Qe4 Qd7 25. d4 Rf4 26. Qe3 cxd4 27. Rxd4 Qb7+
28. f3 Rf6 29. Re4 Rxg6 30. f4 Re6 31. fxe5 Rxe5 32. Re1 Rf8 33. Kg3 Rxe4 34.
Qxe4 Qb6 35. Qd4+ Qxd4 36. Nxd4 e5 37. Nxb5 Rb8 38. Nxd6 Rxb2 39. Rxe5 Rxa2 40.
c4 a5 41. Nb5 a4 42. c5 Rb2 43. c6 Rc2 44. c7 a3 45. Re8+ Kg7 46. c8=Q Rxc8 47.
Rxc8 a2 48. Ra8 1-0

[Event "4th Budapest Open"]
[Site "Budapest, Hungary"]
[Date "2014.08.21"]
[Round "6.14"]
[White "Takacs, Kevin"]
[Black "Nagy, Aron"]
[Result "1-0"]
[WhiteElo "2001"]
[BlackElo "2145"]
[PlyCount "71"]
[EventDate "2014.??.??"]

1. d4 c5 2. d5 d6 3. c4 e6 4. Nc3 exd5 5. cxd5 g6 6. e4 Bg7 7. Nf3 Nh6 8. Bd3
O-O 9. O-O a6 10. a4 Nd7 11. Bf4 Qe7 12. h3 f6 13. Rb1 Nf7 14. Bc2 b5 15. axb5
axb5 16. Nxb5 Ba6 17. Bd3 Nde5 18. Nxe5 Nxe5 19. Bxe5 Qxe5 20. Nc7 Bxd3 21.
Qxd3 Rab8 22. Ne6 Rf7 23. f4 Qh5 24. Qa6 Rd7 25. Qc6 Rdb7 26. Qxd6 Rb3 27. Nxg7
Kxg7 28. Qe7+ Kg8 29. d6 Rg3 30. Qe6+ Kg7 31. Rf2 f5 32. d7 Qxh3 33. Qe5+ Kf7
34. Qxb8 Rxg2+ 35. Rxg2 Qe3+ 36. Kh2 1-0

[Event "4th Budapest Open"]
[Site "Budapest, Hungary"]
[Date "2014.08.21"]
[Round "6.15"]
[White "Bellan, Istvan"]
[Black "Kovacs, Judit"]
[Result "1/2-1/2"]
[WhiteElo "1884"]
[BlackElo "1729"]
[PlyCount "58"]
[EventDate "2014.??.??"]

1. e4 c5 2. Nf3 e6 3. d4 cxd4 4. Nxd4 a6 5. Bd3 b5 6. O-O Qc7 7. a4 b4 8. Qe2
d6 9. c4 Nc6 10. Nxc6 Qxc6 11. b3 Nf6 12. Bb2 Be7 13. Nd2 Bb7 14. f4 Nd7 15.
Rae1 O-O-O 16. Nf3 Nc5 17. Nd4 Qb6 18. Kh1 Bf6 19. Bc2 Nxa4 20. bxa4 Bxd4 21.
Bd3 Bc5 22. Bxg7 Rhg8 23. Bb2 Rg6 24. f5 exf5 25. Rxf5 Rdg8 26. Rxf7 Rxg2 27.
Qxg2 Rxg2 28. Kxg2 Qc6 29. Rf8+ Kc7 1/2-1/2

[Event "4th Budapest Open"]
[Site "Budapest, Hungary"]
[Date "2014.08.21"]
[Round "6.16"]
[White "Rinyu, Janos"]
[Black "Dal Bianco, Nicola"]
[Result "1/2-1/2"]
[WhiteElo "1896"]
[BlackElo "1633"]
[PlyCount "96"]
[EventDate "2014.??.??"]

1. d4 f5 2. Bg5 c6 3. c4 Qb6 4. Qd2 Nf6 5. Bxf6 exf6 6. Nc3 d6 7. Rb1 Be7 8. g3
O-O 9. Bg2 Qc7 10. e3 Be6 11. b3 Nd7 12. Nge2 Bf7 13. O-O g5 14. f4 g4 15. e4
Bg6 16. Qd3 fxe4 17. Bxe4 f5 18. Bg2 Nf6 19. Rbe1 Rae8 20. b4 Qd7 21. Nc1 Bd8
22. Nb3 b6 23. b5 cxb5 24. cxb5 d5 25. Re5 Rxe5 26. dxe5 Ne4 27. Qxd5+ Qxd5 28.
Nxd5 Bf7 29. Bxe4 fxe4 30. Ne3 h5 31. Nd2 Bg6 32. f5 Bg5 33. Ndc4 Be8 34. a4 a6
35. f6 Bf7 36. bxa6 Ra8 37. Rd1 Rxa6 38. Rd8+ Kh7 39. Rd7 Kg6 40. Nd5 Bxd5 41.
Rxd5 Rxa4 42. Nd6 Ra1+ 43. Kf2 e3+ 44. Ke2 Ra2+ 45. Ke1 Rxh2 46. f7 Rh1+ 47.
Ke2 Rh2+ 48. Ke1 Rh1+ 1/2-1/2

[Event "4th Budapest Open"]
[Site "Budapest, Hungary"]
[Date "2014.08.21"]
[Round "6.17"]
[White "Lam, Daniel King-wai"]
[Black "Abraham, Lajos"]
[Result "1-0"]
[WhiteElo "2114"]
[BlackElo "1803"]
[PlyCount "81"]
[EventDate "2014.??.??"]

1. e4 d5 2. exd5 Qxd5 3. Nc3 Qd8 4. d4 e6 5. Nf3 Nf6 6. Bc4 c6 7. Bg5 Be7 8.
O-O h6 9. Bh4 O-O 10. Qe2 Nd5 11. Bxe7 Nxc3 12. bxc3 Qxe7 13. Rfe1 Qf6 14. Bd3
Nd7 15. Qe4 g6 16. h4 Qg7 17. Ne5 Nxe5 18. dxe5 f5 19. exf6 Rxf6 20. Re3 Bd7
21. Rg3 Raf8 22. Rxg6 Rxg6 23. Qxg6 Qxg6 24. Bxg6 Rf4 25. g3 Rc4 26. Rd1 Kg7
27. Bh5 Bc8 28. Rd8 Rxc3 29. Rxc8 Rxc2 30. Rc7+ Kf6 31. Rxb7 Rxa2 32. Rc7 Ra5
33. Bg4 h5 34. Bf3 Ke5 35. Rxc6 Ra1+ 36. Kg2 a5 37. Bxh5 a4 38. Bf7 a3 39. Bxe6
a2 40. Ra6 Kd4 41. Rxa2 1-0